[Event "Tournoi francophone 006 Groupe C"]
[Site "Skype"]
[Date "????.??.??"]
[Round "7.4"]
[White "Bouffard, Georges"]
[Black "Malbec, Robert"]
[Result "0-1"]
[WhiteElo "1314"]
[BlackElo "1449"]
[PlyCount "26"]

1. d4 d5 2. e3 Nf6 3. Nc3 Bg4 4. f3 Bf5 5. Bd3 Bxd3 6. Qxd3 e6 7. Nge2 Bd6 8.
f4 h6 9. Ng3 O-O 10. O-O Nc6 11. f5 e5 12. e4 dxe4 13. Nce2 exd3 0-1

[Event "Tournoi francophone 006 Groupe C"]
[Site "Skype"]
[Date "????.??.??"]
[Round "8.2"]
[White "Malbec, Robert"]
[Black "Briere, Jean"]
[Result "0-1"]
[WhiteElo "1449"]
[BlackElo "1370"]
[PlyCount "64"]

1. e4 e5 2. Nf3 Nc6 3. Bc4 Nf6 4. Ng5 d5 5. exd5 Nxd5 6. Nxf7 Kxf7 7. Qf3+ Qf6
8. Bxd5+ Ke7 9. Qxf6+ gxf6 10. d3 Nd4 11. Bb3 Be6 12. Bxe6 Nxc2+ 13. Kd2 Nxa1
14. Kd1 Kxe6 15. Be3 Rd8 16. Kd2 Rg8 17. g3 Bb4+ 18. Nc3 Rd5 19. Rxa1 Rgd8 20.
Kc2 Bxc3 21. bxc3 Rxd3 22. Rb1 b6 23. h4 f5 24. Re1 e4 25. Re2 c5 26. Rd2 c4
27. Rxd3 cxd3+ 28. Kd1 Rc8 29. Bd4 Rc4 30. Kd2 Ra4 31. Kc1 Rxa2 32. Be3 Rc2+
0-1

[Event "Tournoi francophone 006 Groupe C"]
[Site "Skype"]
[Date "????.??.??"]
[Round "8.4"]
[White "Duthoit, Bernard"]
[Black "Martin, Jean-Claude"]
[Result "1-0"]
[WhiteElo "1468"]
[BlackElo "1402"]
[PlyCount "75"]

1. e4 d5 2. e5 c5 3. c4 d4 4. Nf3 Bg4 5. d3 e6 6. Be2 Nc6 7. Nbd2 g6 8. h3 Bxf3
9. Nxf3 Bg7 10. Bf4 Qa5+ 11. Bd2 Qc7 12. O-O Bxe5 13. Nxe5 Nxe5 14. Bf4 Nf6 15.
Qa4+ Nfd7 16. b4 b6 17. bxc5 Qxc5 18. Rab1 O-O 19. Rb5 Qc6 20. Qa6 Nc5 21. Rxc5
Qxc5 22. Qb7 Rfb8 23. Qa6 Rc8 24. Bxe5 Qxe5 25. Bf3 Rab8 26. Qxa7 Qa5 27. Qd7
Rd8 28. Qc7 Qxa2 29. Rd1 Qa3 30. Rb1 Qxd3 31. Rd1 Qc2 32. Rxd4 Rxd4 33. Qxb8+
Kg7 34. Qe5+ Kg8 35. Qxd4 Qc1+ 36. Kh2 Qf1 37. Bc6 Qc1 38. Bb5 1-0

[Event "Tournoi francophone 006 Groupe C"]
[Site "Skype"]
[Date "????.??.??"]
[Round "8.5"]
[White "Maccaferri, Massimo"]
[Black "Vincent, Andre"]
[Result "1-0"]
[WhiteElo "1397"]
[BlackElo "1274"]
[PlyCount "138"]

1. e4 e5 2. Nf3 Nc6 3. Bc4 Be7 4. c3 d6 5. d4 exd4 6. cxd4 Bg4 7. h3 Bxf3 8.
Qxf3 Nf6 9. d5 Ne5 10. Qg3 Nh5 11. Qb3 Rb8 12. f4 Nxc4 13. Qxc4 Bh4+ 14. Kd1
O-O 15. Nc3 Ng3 16. Rg1 a6 17. e5 Re8 18. Re1 Ne4 19. Rxe4 f5 20. Re3 h6 21. g3
Be7 22. g4 fxg4 23. hxg4 Rf8 24. Rg3 Bh4 25. Rg2 b5 26. Qd4 dxe5 27. Qxe5 Qe7
28. Qxe7 Bxe7 29. Kc2 Bd6 30. g5 Bxf4 31. Bxf4 Rxf4 32. gxh6 Kh7 33. hxg7 Rh4
34. Rh1 Rxh1 35. Ne4 Rf8 36. Ng5+ Kxg7 37. Ne6+ Kf7 38. Nxf8 Kxf8 39. b4 Rh7
40. Rg6 Rh2+ 41. Kb3 Rh3+ 42. Kb2 Rh2+ 43. Kb1 Rh1+ 44. Kc2 Rh2+ 45. Kc3 Rxa2
46. Kd4 Rd2+ 47. Kc5 Rc2+ 48. Kd4 Rd2+ 49. Ke5 Re2+ 50. Kf5 Rf2+ 51. Ke6 Re2+
52. Kd7 Re7+ 53. Kc6 Kf7 54. Rg1 Ke8 55. Rg8+ Kf7 56. Rc8 Kf6 57. Rxc7 Rxc7+
58. Kxc7 a5 59. bxa5 b4 60. a6 b3 61. a7 b2 62. a8=Q b1=Q 63. Qf8+ Ke5 64. Qd6+
Kd4 65. Qc6 Qe4 66. d6 Qh7+ 67. d7 Qh2+ 68. Kc8 Qh8+ 69. d8=Q+ Qxd8+ 1-0

[Event "Tournoi francophone 006 Groupe C"]
[Site "Skype"]
[Date "????.??.??"]
[Round "9.1"]
[White "Vincent, Andre"]
[Black "Tamditi, Ibrahim"]
[Result "1-0"]
[WhiteElo "1274"]
[BlackElo "1434"]
[PlyCount "37"]

1. e4 g6 2. Nf3 Bg7 3. d4 e6 4. Bc4 d5 5. exd5 exd5 6. Be2 Bf6 7. Nc3 Ne7 8.
Bg5 Nf5 9. Bxf6 Qxf6 10. Nxd5 Qd6 11. Nc3 Qb4 12. Rb1 O-O 13. Qd3 Rd8 14. a3
Qb6 15. d5 c6 16. O-O cxd5 17. Nxd5 Be6 18. Nxb6 Rxd3 19. Nxa8 1-0

[Event "Tournoi francophone 006 Groupe C"]
[Site "Skype"]
[Date "????.??.??"]
[Round "9.2"]
[White "Martin, Jean-Claude"]
[Black "Maccaferri, Massimo"]
[Result "1-0"]
[WhiteElo "1402"]
[BlackElo "1397"]
[PlyCount "37"]

1. d4 d5 2. c4 c6 3. Nc3 f6 4. Bf4 e6 5. cxd5 cxd5 6. a3 Bd6 7. Bxd6 Qxd6 8.
Rc1 a6 9. e3 e5 10. dxe5 fxe5 11. Nxd5 Nc6 12. Nb6 Qxd1+ 13. Rxd1 Rb8 14. Bc4
Nge7 15. Nd5 Be6 16. Nc7+ Kf7 17. Nxe6 Kf6 18. Nc5 b5 19. Nd7+ 1-0

[Event "Tournoi francophone 006 Groupe C"]
[Site "Skype"]
[Date "????.??.??"]
[Round "9.3"]
[White "Bouffard, Georges"]
[Black "Duthoit, Bernard"]
[Result "0-1"]
[WhiteElo "1314"]
[BlackElo "1468"]
[PlyCount "80"]

1. e4 e6 2. d4 d5 3. Nc3 dxe4 4. Nxe4 Nf6 5. Ng3 Nc6 6. c3 g6 7. N1e2 Bg7 8.
Be3 O-O 9. Nf4 Re8 10. Nd3 e5 11. Be2 exd4 12. cxd4 Nxd4 13. Bxd4 Qxd4 14. Qd2
Ng4 15. O-O b6 16. h3 Ne5 17. Rad1 Nxd3 18. Bxd3 Qxb2 19. Be4 Qxd2 20. Rxd2 Ba6
21. Rfd1 Rac8 22. Bc6 Rf8 23. Ne4 Be5 24. Rd5 f6 25. Bd7 Bb7 26. Be6+ Kh8 27.
Rd7 Bxe4 28. f3 Bc6 29. Rf7 Rxf7 30. Bxf7 Bd6 31. Bc4 Rd8 32. Rb1 Bg3 33. Bb3
Bd5 34. Rd1 c6 35. Rd4 Re8 36. Rd1 Bxb3 37. axb3 c5 38. Rf1 Re3 39. f4 Rxb3 40.
Rf3 Rxf3 0-1

[Event "Tournoi francophone 006 Groupe C"]
[Site "Skype"]
[Date "????.??.??"]
[Round "9.5"]
[White "Le Brun, Yves"]
[Black "Malbec, Robert"]
[Result "0-1"]
[WhiteElo "1445"]
[BlackElo "1449"]
[PlyCount "122"]

1. d4 d5 2. Nf3 Nf6 3. Bf4 Bg4 4. h3 Bh5 5. e3 e6 6. Be2 Bd6 7. Bxd6 Qxd6 8.
Nbd2 O-O 9. Ne5 Bxe2 10. Qxe2 b6 11. g4 Qb4 12. b3 Ne4 13. a3 Qc3 14. Ra2 Qxd2+
15. Qxd2 Nxd2 16. Kxd2 f6 17. Nf3 Nd7 18. Ke2 c5 19. c3 Rac8 20. Rc2 Rfe8 21.
Rhc1 c4 22. b4 e5 23. Kf1 e4 24. Nh4 g6 25. f4 exf3 26. Kf2 Re4 27. Nxf3 Rce8
28. Re2 Rf8 29. Nd2 Re6 30. Rce1 f5 31. g5 Kg7 32. Kg3 h6 33. gxh6+ Kxh6 34. h4
Rfe8 35. Kf4 Nf6 36. Rg1 Nh5+ 37. Kf3 f4 38. Nf1 fxe3 39. Rxe3 Rf6+ 40. Ke2
Rfe6 41. Rxe6 Nf4+ 42. Kf3 Nxe6 43. Ne3 Rf8+ 44. Kg3 Nf4 45. Re1 Nh5+ 46. Kg2
Rd8 47. Ng4+ Kh7 48. Re7+ Kg8 49. Rxa7 Rd6 50. Re7 Nf4+ 51. Kg3 Nd3 52. Ne5 Kf8
53. Rf7+ Kg8 54. Rf1 Re6 55. Nxd3 cxd3 56. Rd1 Re3+ 57. Kf2 Rh3 58. Rd2 Kg7 59.
a4 Kh6 60. a5 bxa5 61. bxa5 Rh1 0-1